VARS/OS. Operatívne riadenie výroby : Vykonávací projekt subsystému. Operátorská príručka /
Saved in:
| Main Author: | |
|---|---|
| Format: | Book |
| Language: | Slovak |
| Published: |
Bratislava :
Datasystém,
1986
|
| Edition: | 2.vyd. |
| Subjects: | |
| Tags: |
No Tags, Be the first to tag this record!
|
MARC
| LEADER | 00000nam a22000003a 4500 | ||
|---|---|---|---|
| 001 | stu43904 | ||
| 005 | 20150617225717.7 | ||
| 008 | 950112s1986----cs------------------slo-d | ||
| 040 | |a STU |b slo | ||
| 041 | 0 | |a slo | |
| 044 | |a cs | ||
| 080 | |a 681.3.066 | ||
| 100 | 1 | |a Tomek, J |4 xxx | |
| 245 | 1 | |a VARS/OS. Operatívne riadenie výroby : |b Vykonávací projekt subsystému. Operátorská príručka / |c Rie¨. J. Tomek a kol | |
| 250 | |a 2.vyd. | ||
| 260 | |a Bratislava : |b Datasystém, |c 1986 | ||
| 300 | |a 354 s : |b príl | ||
| 650 | 7 | |a Systémy operačné |2 stusub | |
| 996 | |b 284M022826 |c M*7065-1 |l MMKN |s A |a 24 |w stu43904_0001 | ||